| 000 | 00471nam a2200181 a 4500 | ||
|---|---|---|---|
| 001 | 1777027203408 | ||
| 003 | YourLibrary | ||
| 005 | 20260424161207.0 | ||
| 008 | 260424s2009##################000#0#eng## | ||
| 020 | _a9780735582224 | ||
| 082 | 0 | 4 | _a344.73041CAR |
| 100 | 1 |
_aCarter, _eauthor. |
|
| 245 | 1 | 0 | _aHipaa Compliance Handbook, 2010 Edition : |
| 260 |
_bAspen Publishers, _c2009. |
||
| 650 | 0 | _aLaw. | |
| 942 | _cENGLISH | ||
| 040 |
_aYourLibrary _beng _cYourLibrary |
||
| 999 |
_c619847 _d619847 |
||